000 01021nam a2200217 i 4500
001 168744
003 ES-MaACL
005 20251220173926.0
008 080529s1983 sp |||| | spa d
020 _a84-7477-009-2
080 _a821.134.2.09"15/16"(063)
111 2 _aSeminario Internacional sobre Literatura Española y Edad de Oro
_n(2º.
_d1982.
_cMadrid)
_9137832
245 1 0 _aEdad de Oro II
_b: [II edición del Seminario sobre Literatura Española y Edad de Oro, celebrado en Madrid, del 3 al 8 de mayo de 1983].
260 _aMadrid :
_bUniversidad Autónoma, Departamento de Literatura Española,
_c[1983]
300 _a215 p. ;
_c24 cm.
500 _aSelección de ponencias del segundo Seminario sobre Literatura Española y Edad de Oro, Madrid, 1982.
650 0 4 _aLiteratura española-
_yS.XVI-XVII-
_vCongresos y asambleas.
_914569
710 0 _aUniversidad Autónoma de Madrid.
_bDepartamento de Literatura Española.
_97068
852 _aES-MaACL
_jP-1628-2
_9R.103054
999 _c168744
_d168744